[Event "SLO-ch U16"]
[Site "Celje"]
[Date "2004.03.10"]
[Round "4"]
[White "Jernej, Jerin"]
[Black "Kenjar, Jasmin"]
[Result "1-0"]
[WhiteElo "1500"]
[BlackElo "1500"]
[PlyCount "24"]
[EventDate "2004.02.22"]
[EventType "swiss"]
[EventRounds "9"]
[EventCountry "SLO"]
[SourceTitle "EXT 2008"]
[Source "ChessBase"]
[SourceDate "2007.11.25"]
[SourceVersion "1"]
[SourceVersionDate "2007.11.25"]
[SourceQuality "1"]

1. e4 e5 2. Nf3 Nc6 3. Nc3 Nf6 4. d4 exd4 5. Nxd4 Bb4 6. Nxc6 bxc6 7. Bd3 h6 8. 0-0 0-0 9. Ne2 Re8 10. Ng3 d5 11. exd5 cxd5 12. c3 Bc5 1-0

[Event "SLO-ch U16"]
[Site "Celje"]
[Date "2004.03.10"]
[Round "8"]
[White "Jernej, Jerin"]
[Black "Masat, Matej"]
[Result "1/2-1/2"]
[WhiteElo "1500"]
[BlackElo "1500"]
[PlyCount "38"]
[EventDate "2004.02.22"]
[EventType "swiss"]
[EventRounds "9"]
[EventCountry "SLO"]
[SourceTitle "EXT 2008"]
[Source "ChessBase"]
[SourceDate "2007.11.25"]
[SourceVersion "1"]
[SourceVersionDate "2007.11.25"]
[SourceQuality "1"]

1. e4 c5 2. Nf3 Nc6 3. Nc3 e6 4. d4 cxd4 5. Nxd4 Qc7 6. Nxc6 bxc6 7. Bd3 Nf6 8. 0-0 Be7 9. Qf3 Bb7 10. Bf4 e5 11. Bg3 0-0 12. Qf5 d6 13. Qf3 Rfd8 14. Bh4 d5 15. Bxf6 Bxf6 16. Rad1 d4 17. Ne2 Qb6 18. Rb1 Rac8 19. c3 c5 1/2-1/2

[Event "SLO-chT U20"]
[Site "Slovenia"]
[Date "2002.??.??"]
[Round "9"]
[White "Jernej, Jerin"]
[Black "Tomazin, Tomaz"]
[Result "0-1"]
[WhiteElo "1500"]
[BlackElo "1782"]
[PlyCount "80"]
[EventDate "2002.08.??"]
[EventType "team"]
[EventRounds "9"]
[EventCountry "SLO"]
[SourceTitle "EXT 2005"]
[Source "ChessBase"]
[SourceDate "2004.11.15"]
[SourceVersion "1"]
[SourceVersionDate "2004.11.15"]
[SourceQuality "1"]

1. e4 c6 2. d4 d5 3. exd5 cxd5 4. Bd3 Nc6 5. c3 Nf6 6. Bf4 Bg4 7. Qb3 Qd7 8. Nd2 e6 9. Ngf3 Bxf3 10. Nxf3 a6 11. 0-0 Be7 12. h3 b5 13. a3 Na5 14. Qc2 Nc4 15. Ne5 Qb7 16. Nxc4 bxc4 17. Be2 0-0 18. Rfb1 Qc6 19. b4 cxb3 20. Rxb3 Rfc8 21. Rc1 a5 22. c4 Ne4 23. f3 a4 24. Re3 Nd6 25. Bxd6 Bxd6 26. Rc3 Bf4 27. Rb1 Qc7 28. Qd1 e5 29. c5 exd4 30. Rc2 Be3+ 31. Kh1 Qe7 32. c6 Qxa3 33. c7 Qd6 34. Rb7 a3 35. Qb1 Qg3 36. Rb8 Bf4 37. Rxc8+ Rxc8 38. Qg1 Rxc7 39. Ra2 Rc1 40. Bf1 Rxf1 0-1

[Event "SLO-chT U20"]
[Site "Slovenia"]
[Date "2002.??.??"]
[Round "4"]
[White "Jovic, Saso"]
[Black "Jernej, Jerin"]
[Result "0-1"]
[WhiteElo "1500"]
[BlackElo "1500"]
[PlyCount "87"]
[EventDate "2002.08.??"]
[EventType "team"]
[EventRounds "9"]
[EventCountry "SLO"]
[SourceTitle "EXT 2005"]
[Source "ChessBase"]
[SourceDate "2004.11.15"]
[SourceVersion "1"]
[SourceVersionDate "2004.11.15"]
[SourceQuality "1"]

1. e4 e5 2. Nf3 Nf6 3. Nc3 Nc6 4. Be2 Bb4 5. d3 0-0 6. 0-0 Re8 7. Bg5 Be7 8. a3 d6 9. h3 Be6 10. b4 a6 11. Qd2 d5 12. exd5 Nxd5 13. Bxe7 Qxe7 14. Ne4 f6 15. Nc5 Rab8 16. Nxe6 Qxe6 17. Rfe1 Re7 18. Rab1 Na7 19. c4 Nf4 20. d4 Nxe2+ 21. Qxe2 Rbe8 22. d5 Qd6 23. Nh4 g6 24. Qa2 Rd7 25. Rbd1 Red8 26. c5 Qf8 27. c6 Rd6 28. cxb7 Rb8 29. Qc4 Rxb7 30. f4 Qd8 31. fxe5 fxe5 32. Rxe5 Kg7 33. Qd4 Rf6 34. Qc5 c6 35. d6 Rd7 36. Re7+ Rxe7 37. dxe7 Qxd1+ 38. Kh2 Qd7 39. Qxa7 Qe8 40. Nf3 Rf7 41. Qd4+ Kg8 42. Ng5 Rxe7 43. Qc4+ Kh8 44. Qxc6 0-1

[Event "SLO-chT U20"]
[Site "Slovenia"]
[Date "2002.??.??"]
[Round "6"]
[White "Skrlep, Jaka"]
[Black "Jernej, Jerin"]
[Result "1-0"]
[WhiteElo "1658"]
[BlackElo "1500"]
[PlyCount "87"]
[EventDate "2002.08.??"]
[EventType "team"]
[EventRounds "9"]
[EventCountry "SLO"]
[SourceTitle "EXT 2005"]
[Source "ChessBase"]
[SourceDate "2004.11.15"]
[SourceVersion "1"]
[SourceVersionDate "2004.11.15"]
[SourceQuality "1"]

1. e4 e5 2. Nf3 Nf6 3. Nxe5 d6 4. Nf3 Nxe4 5. d3 Nf6 6. Be2 d5 7. d4 Bd6 8. 0-0 0-0 9. Bg5 Bf5 10. Nc3 c6 11. Ne5 h6 12. Bh4 Be7 13. Bd3 Bxd3 14. Qxd3 Nbd7 15. Nxd7 Qxd7 16. Rfe1 Rfe8 17. h3 Nh7 18. Bg3 Bd6 19. Bxd6 Qxd6 20. Ne2 Nf6 21. Ng3 g6 22. Qd2 h5 23. Qg5 Nh7 24. Qd2 Qf6 25. c3 Nf8 26. Rad1 Ne6 27. Re5 Ng7 28. Rde1 Rxe5 29. Rxe5 Re8 30. Qe3 Rxe5 31. dxe5 Qe6 32. Qxa7 Qxe5 33. Qxb7 Qe6 34. a4 Ne8 35. a5 Nd6 36. Qb8+ Ne8 37. a6 Kg7 38. a7 Qe1+ 39. Nf1 Nf6 40. a8Q Kh6 41. Qf4+ Kg7 42. Qab8 Qe7 43. Qbe5 Qxe5 44. Qxe5 1-0